000 00805nam0a22002531 4500
001 rc\630733
005 20250621191258.0
035 _a(NLR Aleph) 005872939
090 _a5997920
_c5997920
100 _a20031121d1986 |||y0rusy50 ca
101 0 _arus
102 _aRU
105 _ay |||||||||
200 1 _aЗона Персидского залива
_eПробл., перспективы
_fАН СССР, Ин-т востоковедения
210 _aМ.
_cНаука
_d1986
215 _a154, [3] с.
_d20
300 _aРез.: англ.
320 _aБиблиогр. в примеч.: с. 151-155
700 1 _aМаркарян
_bР.В.
_gРоберт Вартанович
801 0 _aRU
_bNLR
_gpsbo
801 1 _aRU
_bELAR
_2rusmarc
852 _aNLR
_j86-3/7467
942 _cBOOK
980 _aNB